Programming with JAVA in 24 hours / (Record no. 26330)

MARC details
000 -LEADER
fixed length control field 01166nam a22002898a 4500
005 - DATE AND TIME OF LATEST TRANSACTION
control field 20070806135819.0
008 - FIXED-LENGTH DATA ELEMENTS--GENERAL INFORMATION
fixed length control field 070802s2008 nyu b 001 0 eng
010 ## - LCCN (DPL NO)
LC control number B-284947
020 ## - INTERNATIONAL STANDARD BOOK NUMBER
International Standard Book Number 8177582704
Terms of availability 310.00
020 ## - INTERNATIONAL STANDARD BOOK NUMBER
International Standard Book Number 9788177582703
Terms of availability 310.00
035 ## - SYSTEM CONTROL NUMBER
System control number B-284947
037 ## - SOURCE OF ACQUISITION
Source of stock number/acquisition UBH
040 ## - CATALOGING SOURCE
Original cataloging agency dpl
Language of cataloging English
082 ## - DEWEY DECIMAL CLASSIFICATION NUMBER
Classification number 005.133
100 ## - MAIN ENTRY--PERSONAL NAME
Personal name Cadenhead, Rogers
245 ## - TITLE STATEMENT
Title Programming with JAVA in 24 hours /
Statement of responsibility, etc by Rogers Cadenhead
Remainder of title
250 ## - EDITION STATEMENT
Edition statement 4th ed.
260 ## - PUBLICATION, DISTRIBUTION, ETC. (IMPRINT)
Place of publication, distribution, etc Delhi
Name of publisher, distributor, etc Dorling Kindersley(India)
Date of publication, distribution, etc 2006
270 ## - ADDRESS
Address 482, F.I.E., Patparganj
City Delhi
Postal code 110092
300 ## - PHYSICAL DESCRIPTION
Extent xiv, 558p.
Other physical details
Dimensions 24cm. (pbk)
Accompanying material CD-ROM
500 ## - GENERAL NOTE
General note Includes index.
500 ## - GENERAL NOTE
General note Includes index.
650 ## - SUBJECT ADDED ENTRY--TOPICAL TERM
Topical term or geographic name as entry element Java (Computer program language)
942 ## - ADDED ENTRY ELEMENTS (KOHA)
Source of classification or shelving scheme Dewey Decimal Classification
Item type English Books
Call number suffix CAD
Classification part 005.133
Holdings
Withdrawn status Lost status Source of classification or shelving scheme Damaged status Not for loan Collection code Home library Current library Date acquired Source of acquisition Cost, normal purchase price Total Checkouts Total Renewals Full call number Barcode Date last seen Copy number Cost, replacement price Koha item type
    Dewey Decimal Classification     Non-fiction Vinoba Puri Vinoba Puri 13/05/2009 UBH/141/25.8.08/175/21.7.08/29.8.08 310.00 32 9 005.133 CAD B-284947 31/10/2020 1 310.00 English Books

© Delhi Public Library
Hit Counter
free hit counter